The noble scholar, jurist, historian


 His Excellency Dr. Abdul Wahhab bin Ibrahim Abu Sulaiman, may Allah have mercy on him.


 He was born in Umm Al-Qura in the year 1356 AH.

تهذيب اللغة / (Record no. 6397)

MARC details
000 -LEADER
fixed length control field 01156cam a22002651i 4500
003 - CONTROL NUMBER IDENTIFIER
control field SA-RiAUC
005 - DATE AND TIME OF LATEST TRANSACTION
control field 20250328121043.0
008 - FIXED-LENGTH DATA ELEMENTS--GENERAL INFORMATION
fixed length control field 250314s1964 ua g d 000 0 ara c
040 ## - CATALOGING SOURCE
Original cataloging agency SA-JeALM
Language of cataloging ara
Transcribing agency SA-RiAUC
Description conventions rda
082 04 - DEWEY DECIMAL CLASSIFICATION NUMBER
Classification number 413
Assigning agency SA-RiAUC
090 ## - LOCALLY ASSIGNED LC-TYPE CALL NUMBER (OCLC); LOCAL CALL NUMBER (RLIN)
Classification number (OCLC) (R) ; Classification number, CALL (RLIN) (NR) 413
Local cutter number (OCLC) ; Book number/undivided call number, CALL (RLIN) ا ز هـ
100 1# - MAIN ENTRY--PERSONAL NAME
Personal name الأزهري، محمد بن أحمد بن الأزهر،
Dates associated with a name 282-370 هجري
Relator term مؤلف.
245 10 - TITLE STATEMENT
Title تهذيب اللغة /
Statement of responsibility, etc. أبو منصور محمد بن أحمد الأزهري ؛ تحقيق عبد السلام محمد هارون. راجعه محمد علي النجار
264 #1 - PRODUCTION, PUBLICATION, DISTRIBUTION, MANUFACTURE, AND COPYRIGHT NOTICE
Place of production, publication, distribution, manufacture القاهرة :
Name of producer, publisher, distributor, manufacturer المؤسسة المصرية للتأليف والترجمة،
Date of production, publication, distribution, manufacture, or copyright notice 1964
300 ## - PHYSICAL DESCRIPTION
Extent 17 مجلد ؛
Dimensions 27 سم.
336 ## - CONTENT TYPE
Content type term نص
Content type code txt
Source rdacontent
Materials specified كتاب
337 ## - MEDIA TYPE
Media type term بدون وسيط
Media type code n
Source rdamedia
338 ## - CARRIER TYPE
Carrier type term مجلد
Carrier type code nc
Source rdacarrier
490 0# - SERIES STATEMENT
Series statement تراثنا
650 #7 - SUBJECT ADDED ENTRY--TOPICAL TERM
Topical term or geographic name entry element اللغة العربية
Form subdivision معاجم
Source of heading or term aucsh
700 1# - ADDED ENTRY--PERSONAL NAME
Personal name هارون، عبد السلام محمد،
Dates associated with a name 1909-1988
Relator term محقق.
700 ## - ADDED ENTRY--PERSONAL NAME
Personal name النجار، محمد علي
Relator term مراجع.
942 ## - ADDED ENTRY ELEMENTS (KOHA)
Source of classification or shelving scheme Dewey Decimal Classification
Koha item type Books
Suppress in OPAC No
949 ## - LOCAL PROCESSING INFORMATION (OCLC)
a SA-JeALM
d 250314
u osman123
n 1
Holdings
Withdrawn status Lost status Source of classification or shelving scheme Materials specified (bound volume or other part) Damaged status Not for loan Home library Current library Date acquired Total checkouts Full call number Barcode Date last seen Price effective from Koha item type
    Dewey Decimal Classification الجزء الاول     DR AbdElwahab Library DR AbdElwahab Library 03/14/2025   413 ا ز هـ 000010711 03/14/2025 03/14/2025 Books
    Dewey Decimal Classification الجزء الثاني     DR AbdElwahab Library DR AbdElwahab Library 03/14/2025   413 ا ز هـ 000010712 03/14/2025 03/14/2025 Books
    Dewey Decimal Classification الجزء الثالث     DR AbdElwahab Library DR AbdElwahab Library 03/14/2025   413 ا ز هـ 000010713 03/14/2025 03/14/2025 Books
    Dewey Decimal Classification الجزء الرابع     DR AbdElwahab Library DR AbdElwahab Library 03/14/2025   413 ا ز هـ 000010714 03/14/2025 03/14/2025 Books
    Dewey Decimal Classification الجزء الخامس     DR AbdElwahab Library DR AbdElwahab Library 03/14/2025   413 ا ز هـ 000010715 03/14/2025 03/14/2025 Books
    Dewey Decimal Classification الجزء السادس     DR AbdElwahab Library DR AbdElwahab Library 03/14/2025   413 ا ز هـ 000010716 03/14/2025 03/14/2025 Books
    Dewey Decimal Classification الجزء السابع     DR AbdElwahab Library DR AbdElwahab Library 03/14/2025   413 ا ز هـ 000010717 03/14/2025 03/14/2025 Books
    Dewey Decimal Classification الجزء الثامن     DR AbdElwahab Library DR AbdElwahab Library 03/14/2025   413 ا ز هـ 000010718 03/14/2025 03/14/2025 Books
    Dewey Decimal Classification الجزء التاسع     DR AbdElwahab Library DR AbdElwahab Library 03/14/2025   413 ا ز هـ 000010719 03/14/2025 03/14/2025 Books
    Dewey Decimal Classification الجزء العاشر     DR AbdElwahab Library DR AbdElwahab Library 03/14/2025   413 ا ز هـ 000010720 03/14/2025 03/14/2025 Books
    Dewey Decimal Classification الجزء الحادي عشر     DR AbdElwahab Library DR AbdElwahab Library 03/14/2025   413 ا ز هـ 000010721 03/14/2025 03/14/2025 Books
    Dewey Decimal Classification الجزء الثاني عشر     DR AbdElwahab Library DR AbdElwahab Library 03/14/2025   413 ا ز هـ 000010722 03/14/2025 03/14/2025 Books
    Dewey Decimal Classification الجزء الثالث عشر     DR AbdElwahab Library DR AbdElwahab Library 03/28/2025   413 ا ز هـ 000011230 03/28/2025 03/28/2025 Books
    Dewey Decimal Classification الجزء الرابع عشر     DR AbdElwahab Library DR AbdElwahab Library 03/28/2025   413 ا ز هـ 000011231 03/28/2025 03/28/2025 Books
    Dewey Decimal Classification الجزء الخامس عشر     DR AbdElwahab Library DR AbdElwahab Library 03/28/2025   413 ا ز هـ 000011232 03/28/2025 03/28/2025 Books
    Dewey Decimal Classification الجزء السادس عشر     DR AbdElwahab Library DR AbdElwahab Library 03/28/2025   413 ا ز هـ 000011233 03/28/2025 03/28/2025 Books
    Dewey Decimal Classification الجزء السابع عشر     DR AbdElwahab Library DR AbdElwahab Library 03/28/2025   413 ا ز هـ 000011234 03/28/2025 03/28/2025 Books